000 01064nam a2200349 a 4500
003 AR-BaBNM
005 20251128210528.0
008 082120s2002 ||||||||||||||000 | spa||
020 _a84-8319-056-7
040 _cAR-BaBNM
245 0 0 _aCristianismo y defensa del indio americano
_bBartolomé de las Casas
260 _aMadrid
_bLos Libros de la Catarata
_c1999
300 _a155 p.
490 0 _aClásicos del pensamiento crítico
_vv. 5
500 _aContiene referencias bibliográficas
600 1 4 _aCarranza de Miranda, Bartolomé
600 0 4 _aFelipe
610 2 4 _aIGLESIA CATOLICA
650 4 _aINSTITUCIONES HISPANOAMERICANAS
650 4 _aCONSEJO DE INDIAS
650 4 _aENCOMIENDA
650 4 _aPERIODO HISPANICO
650 4 _aHISTORIA LATINOAMERICANA
650 4 _aCATOLICISMO
650 4 _aIGLESIA CATOLICA
653 _aHISTORIA ESPAÑOLA
700 1 _aFernández Buey, Francisco
_ecompilador
800 1 _aFernández Buey, Francisco
_edirector
800 1 _aRiechmann, Jorge
_edirector
942 _cBK
998 _cMariana
999 _c15819
_d15819